| 000 | 00420nam a22001697a 4500 | ||
|---|---|---|---|
| 003 | CEME | ||
| 005 | 20210628203655.0 | ||
| 008 | 210317b xxu||||| |||| 00| 0 eng d | ||
| 020 | _a0-07-033694-6 | ||
| 040 | _c. | ||
| 082 | _a620.001515353 BAR'F | ||
| 100 |
_aBaram, N.M _966796 |
||
| 245 | _aFinite element analysis on microcomputers | ||
| 260 |
_aNEWYORK _bMCGRAW HILL _c1988 |
||
| 300 | _a256P | ||
| 942 |
_cBK _2ddc |
||
| 999 |
_c574696 _d574696 |
||